[Event "10th IM Marmaris Karia 2019"]
[Site "Marmaris"]
[Date "2019.10.19"]
[Round "8.2"]
[White "Semiev, Suhrab"]
[Black "Sahin, Ozgun"]
[Result "1/2-1/2"]
[WhiteElo "2290"]
[BlackElo "2224"]
[Annotator "TA"]
[PlyCount "65"]
[EventDate "2019.10.19"]
[EventType "schev"]
[EventCountry "TUR"]
[SourceTitle "playchess.com"]
[Source "ChessBase"]
[SourceQuality "1"]

{[%evp 9,65,-28,-21,-21,-9,-24,-12,-21,-13,-39,0,-14,-10,-20,-7,-13,-14,-34,-29,-31,-35,-25,-29,-51,-52,-110,-113,-111,-109,-96,-97,-94,-48,-41,-36,-36,-36,-36,-36,-37,-37,-43,-29,-35,0,0,0,0,0,0,0,0,-3,-3,0,0,0,-3]} 1. d4 d5 2. Nf3 Nf6 3. g3 c5 4. e3 (4. Bg2 cxd4 5. O-O h6 6. Nxd4 e5 7. Nb3 Be6 8. c4 Nc6 9. cxd5 Bxd5 10. Nc3 Bxg2 11. Kxg2 Be7 12. Be3 O-O 13. Rc1 Rc8 14. Qxd8 Rfxd8 15. Rfd1 Rxd1 16. Rxd1 {1-0 (40) Socko,B (2627)-Tomczak,J (2631) Warsaw 2019}) 4... Nc6 5. Bg2 Bg4 6. h3 {D02: 1 d4 d5 2 Nf3 sidelines, including 2...Nf6 3 g3 and 2...Nf6 3 Bf4} Bh5 7. O-O e6 8. c4 cxd4 $146 ({Predecessor:} 8... Be7 9. cxd5 Nxd5 10. dxc5 Bxc5 11. a3 a5 {0-1 (43) Rotunno,G (2037)-Palazzotto,R (1877) Amantea 2011}) 9. exd4 Be7 10. cxd5 Nxd5 11. Nc3 Bf6 12. Nxd5 Qxd5 13. g4 {[#] Hoping for Ne5.} Bg6 14. Re1 O-O 15. Ne5 Qxd4 16. Nxg6 hxg6 17. Be3 (17. Qxd4 $15 Bxd4 18. Bg5) 17... Qxb2 $17 18. Rb1 Qxa2 19. Rxb7 Rad8 20. Qb1 Qxb1 (20... Qa6 {feels hotter.} 21. Bf1 Qa5 22. Rc1 Nd4 23. Qe4 a6) 21. Rexb1 Rc8 22. Bxc6 Rxc6 23. Rxa7 Be5 24. Rbb7 Bb8 25. Ra4 Bd6 26. Kg2 Bc5 27. Rc4 {The position is equal.} Rfc8 28. Bxc5 Rxc5 29. Rxc5 Rxc5 30. Rb8+ $1 Kh7 31. Rb7 Kg8 32. Rb8+ $1 Kh7 33. Rb7 {Accuracy: White = 72%, Black = 52%.} 1/2-1/2

[Event "10th IM Marmaris Karia 2019"]
[Site "Marmaris"]
[Date "2019.10.19"]
[Round "8.3"]
[White "Darban, Morteza"]
[Black "Citak, Selim"]
[Result "1/2-1/2"]
[WhiteElo "2285"]
[BlackElo "2210"]
[Annotator "TA"]
[PlyCount "32"]
[EventDate "2019.10.19"]
[EventType "schev"]
[EventCountry "TUR"]
[SourceTitle "playchess.com"]
[Source "ChessBase"]
[SourceQuality "1"]

{[%evp 20,32,15,0,4,-3,16,0,0,0,18,0,0,0,23]} 1. c4 e6 2. Nf3 Nf6 3. g3 Be7 4. Bg2 O-O 5. O-O d5 6. b3 b6 7. Bb2 Bb7 8. cxd5 Nxd5 9. Nc3 c5 10. Rc1 Nd7 11. d4 {The position is equal.} Nxc3 {E17: Queen's Indian: 4 g3 Bb7 5 Bg2 Be7} 12. Rxc3 $146 ({Predecessor:} 12. Bxc3 Rc8 13. Bb2 {½-½ (13) Balashov,Y (2555)-Korneev,O (2560) Moscow 1998}) 12... Nf6 13. Qd3 Be4 14. Qd1 Bb7 15. Qd3 Be4 16. Qd1 Bb7 1/2-1/2

[Event "10th IM Marmaris Karia 2019"]
[Site "Marmaris"]
[Date "2019.10.19"]
[Round "8.4"]
[White "Rasulov, Vugar"]
[Black "Gunduz, Umut Erdem"]
[Result "1-0"]
[WhiteElo "2506"]
[BlackElo "2165"]
[Annotator "TA"]
[PlyCount "79"]
[EventDate "2019.10.19"]
[EventType "schev"]
[EventCountry "TUR"]
[SourceTitle "playchess.com"]
[Source "ChessBase"]
[SourceQuality "1"]

{[%evp 26,79,27,27,32,14,14,7,50,68,81,85,95,100,95,107,136,131,145,152,167,156,256,257,266,255,363,346,339,352,348,341,421,404,481,479,469,464,459,456,423,444,437,442,436,402,415,385,524,424,745,737,728,721,667,597]} 1. e4 e5 2. Nf3 Nc6 3. Bb5 a6 4. Ba4 Nf6 5. O-O Be7 6. Re1 b5 7. Bb3 O-O 8. c3 d5 9. exd5 Nxd5 10. Nxe5 Nxe5 11. Rxe5 c6 12. d3 Bd6 13. Re1 Bf5 14. Qf3 Qf6 {C89: Closed Ruy Lopez: Marshall Attack} (14... Qh4 15. g3 Qh3 16. Be3 Bxd3 17. Nd2 Qf5 18. Bd4 Rfd8 19. a4 h6 20. h4 Rac8 21. Qxf5 Bxf5 22. Ne4 {1-0 (46) Radjabov,T (2758)-Ding,L (2811) Khanty-Mansiysk 2019}) 15. Bxd5 cxd5 16. Bf4 {[#]} Rfe8 $146 {[%cal Re8e1] [#] The position is equal.} ({Predecessor:} 16... Bxf4 17. Qxf4 d4 18. cxd4 Rad8 19. Nc3 Rxd4 20. Ne4 Bxe4 21. Qxf6 gxf6 22. Rxe4 Rxd3 {½-½ (31) Amonatov,F (2605)-Kravtsiv,M (2662) Mumbai 2018}) 17. Nd2 {Threatens to win with Bxd6.} Bxf4 18. Qxf4 Bxd3 19. Qxf6 gxf6 20. Nf3 Kf8 21. Nd4 Rac8 22. a3 {[%cal Ba2a3,Ba3a4][%mdl 32]} Re5 23. f3 Ke7 (23... Rce8 $16 24. Red1 Re3) 24. Red1 $18 Bg6 25. a4 b4 (25... Rc5 $142 26. axb5 axb5) 26. cxb4 Kd7 27. b5 axb5 28. axb5 Re3 29. Kf2 Rd3 30. Rxd3 Bxd3 {[%mdl 4096] Endgame KRB-KRN} 31. Ke3 Bg6 32. Ra7+ Kd6 33. Ra6+ Kd7 34. b6 Rb8 35. g4 Kd6 36. b4 Rb7 37. h4 {White is clearly winning.} Re7+ (37... h5 $142 38. gxh5 Bxh5) 38. Kd2 Rb7 39. h5 Bb1 40. Ra1 {Accuracy: White = 88%, Black = 40%.} 1-0

[Event "10th IM Marmaris Karia 2019"]
[Site "Marmaris"]
[Date "2019.10.19"]
[Round "8.5"]
[White "Sevdimaliyev, Urfan"]
[Black "Angun, Batu"]
[Result "1/2-1/2"]
[WhiteElo "2361"]
[BlackElo "2165"]
[Annotator "RC"]
[PlyCount "23"]
[EventDate "2019.10.19"]
[EventType "schev"]
[EventCountry "TUR"]
[SourceTitle "playchess.com"]
[Source "ChessBase"]
[SourceQuality "1"]
[TimeControl "5400+30"]

1. d4 {[%emt 0:00:30]} Nf6 {[%emt 0:00:30]} 2. Nf3 {[%emt 0:00:30]} g6 {[%emt 0:00:00]} 3. Bg5 {[%emt 0:00:00]} Bg7 {[%emt 0:00:00]} 4. Nbd2 {[%emt 0:00:00]} d5 {[%emt 0:00:00]} 5. e3 {[%emt 0:00:00]} O-O {[%emt 0:00:00]} 6. Bd3 {[%emt 0:00:00]} c5 {[%emt 0:00:30]} 7. c3 {[%emt 0:00:30]} Nc6 {[%emt 0:00:30]} 8. O-O {[%emt 0:00:00]} Qc7 {[%emt 0:01:30]} 9. Bf4 {[%emt 0:00:00]} Qd8 {[%emt 0:00:00]} 10. Bg5 {[%emt 0:00:30]} Qc7 {[%emt 0:00:00]} 11. Bf4 {[%emt 0:00:00]} Qd8 {[%emt 0:00:00]} 12. Bg5 {[%emt 0:00:00]} 1/2-1/2

[Event "10th IM Marmaris Karia 2019"]
[Site "Marmaris"]
[Date "2019.10.23"]
[Round "9.1"]
[White "Kiremitciyan, Ari"]
[Black "Semiev, Suhrab"]
[Result "1/2-1/2"]
[WhiteElo "2286"]
[BlackElo "2290"]
[Annotator "TA"]
[PlyCount "142"]
[EventDate "2019.10.19"]
[EventType "schev"]
[EventCountry "TUR"]
[SourceTitle "playchess.com"]
[Source "ChessBase"]
[SourceQuality "1"]

{[%evp 9,142,61,56,40,49,46,52,49,52,35,66,47,90,12,89,39,45,24,51,58,66,35,54,20,57,42,115,28,109,61,65,60,141,145,141,141,211,159,170,150,162,145,283,284,280,281,281,258,278,271,306,304,308,281,312,331,372,385,428,403,452,445,471,463,517,496,513,492,579,496,487,482,471,464,686,506,484,481,472,472,451,450,639,626,676,718,687,558,708,715,656,640,713,676,841,638,629,603,638,623,775,753,624,0,635,581,583,575,811,785,975,1000,999,941,961,961,949,934,1308,1016,715,1045,1015,995,786,605,902,0,0,0,0,0,0,0,29993]} 1. Nf3 d5 2. c4 Nf6 3. cxd5 Nxd5 4. d4 g6 5. e4 Nb6 6. Be3 {D70: Grünfeld: Unusual White 3rd moves (met by ...d5)} (6. Nc3 Bg7 7. h3 O-O 8. Be3 Nc6 9. Bb5 f5 10. Qb3+ Kh8 11. Rd1 Na5 12. Qb4 a6 13. Qxa5 axb5 14. Qxb5 fxe4 15. Ng5 c6 16. Qb3 {1-0 (38) Le,Q (2739)-Maghsoodloo,P (2569) Ashkhabad 2017}) 6... Bg7 7. Bb5+ Bd7 8. Be2 {White is slightly better.} O-O 9. Nbd2 $146 ({Predecessor:} 9. Nc3 Nc6 10. Rc1 f5 11. exf5 Bxf5 12. O-O Kh8 13. Re1 Qd6 {1-0 (22) Knittel,M (2127)-Albesa,A (1314) LSS email 2014}) 9... a5 10. Rc1 a4 11. a3 (11. O-O $16) 11... e6 (11... f5 $11 {keeps the balance.} 12. Nc4 Nc6) 12. Qc2 Nc6 13. Nc4 f5 14. exf5 gxf5 15. Nxb6 cxb6 16. Qd2 Na5 17. Bg5 $36 {[%mdl 2048] White has good play.} Qe8 (17... Nb3 $14 18. Qf4 (18. Bxd8 Nxd2 19. Bxb6 Rac8 $14) 18... Qb8) 18. Qb4 ({Better is} 18. Rc7 $16) 18... b5 (18... Bc6 $1 $11 {remains equal.}) 19. O-O Bc6 20. Ne5 Bxe5 (20... f4 $14 21. Bd3 Nc4) 21. dxe5 $16 Qg6 {[#]} 22. Qh4 $1 f4 (22... h6 $16 23. Qxh6 Qxh6 24. Bxh6 Rfd8) 23. f3 Nc4 24. Bxc4 bxc4 25. Bf6 Rxf6 (25... Bd5 $16 26. Qxf4 b5) 26. exf6 $18 ({Not} 26. Qxf6 Qxf6 27. exf6 Bd5 $16) 26... Bd5 27. Qxf4 Rf8 28. Qg3 Rxf6 29. Qxg6+ Rxg6 {[%mdl 4096] Endgame KRR-KRB} 30. Kf2 Kf7 31. g4 Ke7 32. Kg3 Kd6 33. f4 b5 34. Rce1 Kc6 35. Re3 Kd6 36. h4 Rg7 37. f5 exf5 38. Rxf5 Rb7 39. Rf6+ Kc5 40. Re5 Kd4 41. Rff5 Bc6 (41... Rd7 $142 42. Re1 Kc5) 42. Rc5 Rb6 43. g5 b4 44. axb4 {Rf6 is the strong threat.} Be4 45. Rb5 Re6 (45... Ra6 $142 46. Rf7 a3 47. Rd7+ Ke3 48. bxa3 Rxa3) 46. Rf6 Re7 47. Rd6+ Ke3 48. Ra5 Rf7 49. Rf6 Rd7 50. Rxa4 Rd1 51. Ra3+ Bd3 52. Rf3+ Kd4 53. Rf2 Be4 54. Kg4 Bd3 55. Rf4+ Be4 56. Rf2 Bd3 $1 57. Rh2 Re1 58. Ra6 Bg6 59. h5 Rg1+ 60. Kf4 {[%cal Ra6d6]} Rf1+ 61. Kg3 Be4 62. g6 hxg6 63. h6 Ke3 64. Re6 Rg1+ 65. Kh4 Kf3 66. Rxe4 Kxe4 {KR-KR} 67. h7 Kf3 {[#]} 68. Rh3+ $2 (68. Rc2 $1 $18 {Hoping for Rc3+.} Rh1+ 69. Kg5 Rxh7 70. Kxg6) 68... Kf4 $11 {[%csl Gf4][%cal Rg1g4] The position is equal.} 69. Rh2 {Black must now prevent Rf2+.} Rg4+ 70. Kh3 Rg3+ 71. Kh4 {White threatens Rf2+ and mate.} Ke4 $2 {[%mdl 40960] Accuracy: White = 61%, Black = 29%. . An unexpected result.} (71... Rg4+ $11 72. Kh3 Rg3+ 73. Kh4 Rg4+) 1/2-1/2

[Event "10th IM Marmaris Karia 2019"]
[Site "Marmaris"]
[Date "2019.10.23"]
[Round "9.2"]
[White "Sahin, Ozgun"]
[Black "Darban, Morteza"]
[Result "1-0"]
[WhiteElo "2224"]
[BlackElo "2285"]
[Annotator "TA"]
[PlyCount "81"]
[EventDate "2019.10.19"]
[EventType "schev"]
[EventCountry "TUR"]
[SourceTitle "playchess.com"]
[Source "ChessBase"]
[SourceQuality "1"]

{[%evp 9,93,-2,-14,-32,-20,-10,-18,-27,-18,-73,56,54,39,62,114,-69,174,99,79,92,80,79,82,60,104,24,34,49,89,89,151,124,116,22,188,189,162,127,134,117,233,160,353,362,383,395,394,420,406,404,594,611,672,666,891,750,707,638,629,621,774,771,770,744,822,810,1091,1102,1708,1710,1471,1515,2024,1314,1939,570,566,537,775,742,29994,29995,29997,29998,29998,29999]} 1. e4 d6 2. d4 Nf6 3. Nc3 Nbd7 4. Nf3 e5 5. g4 (5. Bc4 Be7 6. a4 O-O 7. O-O c6 8. Re1 a5 9. h3 Nb6 10. Ba2 Nfd7 11. Be3 exd4 12. Bxd4 Nc5 13. Bxc5 dxc5 14. Qe2 Qd6 15. Rad1 Qg6 16. Ne5 Qg5 17. Nf3 Qg6 18. Ne5 Qg5 19. Nf3 Qg6 20. Ne5 Qg5 {½-½ (20) Fressinet,L (2650)-Ponomariov,R (2663) Germany 2019}) 5... Nxg4 6. Rg1 {C41: Philidor Defence} Ngf6 7. Bc4 h6 8. Be3 {The position is equal.} c6 9. a4 $1 b6 $146 ({Black should play} 9... Qa5 $17 10. Qd2 b5 $1 {[%mdl 512]}) ({Predecessor:} 9... Qa5 10. Nd2 exd4 11. Bxd4 Ne5 12. Be2 g5 {½-½ (37) Heberla,B (2538)-Priehoda,V (2398) Czechia 2010}) 10. Qe2 $14 {[%mdl 1024] White has compensation.} a6 11. Bb3 $36 {[%mdl 2048] aiming for Qc4! White has the initiative.} Bb7 (11... Qe7 $14) 12. Rd1 $2 (12. O-O-O $16 Qe7 13. h4) 12... Qc7 $2 (12... Qe7 $1 $15 {stays ahead.}) 13. Qc4 (13. dxe5 $1 $18 Nxe5 14. Nxe5 dxe5 15. a5 $1 {[%mdl 512]}) 13... O-O-O $16 14. Qxf7 exd4 15. Nxd4 {And now Ne6 would win.} Nc5 16. Qxc7+ Kxc7 {[#]} 17. Ne6+ (17. Bf7 $1 $16) 17... Nxe6 $11 18. Bxe6 b5 19. e5 Ne8 (19... dxe5 $142 20. Bb6+ {[%mdl 64] Deflection} Kxb6 21. Rxd8 Kc7) 20. axb5 axb5 21. Bf7 (21. Rg6 $16) 21... d5 $2 (21... g5 $11 {and Black stays safe.}) 22. Ne2 $18 g5 23. Nd4 {Black must now prevent Ne6+.} Bc8 24. f4 Bg7 (24... Rh7 $16 {was called for.}) 25. h4 {Strongly threatening Ra1.} g4 $2 (25... Rf8 $16 {keeps fighting.}) 26. h5 Kb7 27. Be6 Nc7 28. Bxc8+ Rxc8 29. Rxg4 Rh7 (29... Bf8 $142 30. Rg6 Bc5) 30. Rg6 c5 31. Nb3 Na6 32. Rxd5 Bf8 33. f5 Nb4 34. Rd2 Rhc7 35. Bxh6 Bxh6 36. Rxh6 Rf8 37. f6 c4 38. Nd4 c3 39. bxc3 Rxc3 40. e6 Re3+ 41. Re2 {Played: Ke1-f2} 1-0

[Event "10th IM Marmaris Karia 2019"]
[Site "Marmaris"]
[Date "2019.10.23"]
[Round "9.3"]
[White "Citak, Selim"]
[Black "Rasulov, Vugar"]
[Result "1/2-1/2"]
[WhiteElo "2210"]
[BlackElo "2506"]
[Annotator "TA"]
[PlyCount "103"]
[EventDate "2019.10.19"]
[EventType "schev"]
[EventCountry "TUR"]
[SourceTitle "playchess.com"]
[Source "ChessBase"]
[SourceQuality "1"]

{[%evp 22,103,7,20,21,18,24,0,24,20,25,14,11,18,28,10,2,10,3,11,0,0,10,0,0,0,0,0,0,0,0,0,0,0,0,0,0,0,0,0,0,-8,-8,-8,-8,-8,-8,-12,0,0,0,0,0,-43,-45,-39,-39,-24,-24,-67,-67,-67,-67,-67,-67,-67,-67,-67,0,0,0,0,0,0,0,-8,-8,-8,-8,-8,-8,-8,-8,-8]} 1. d4 d5 2. c4 dxc4 3. Nf3 a6 4. e3 Nf6 5. Bxc4 e6 6. O-O c5 7. dxc5 Qxd1 8. Rxd1 Bxc5 9. Be2 b6 10. Nbd2 Bb7 11. b3 Nbd7 12. Bb2 Rc8 {D27: Queen's Gambit Accepted: Classical main line: 7 e4!? and 7 a4} (12... O-O 13. Nc4 Rfd8 14. Ne1 Bd5 15. Rac1 Rac8 16. Nd3 Be7 17. Nce5 Bb7 18. Nc4 Bd5 19. Nd2 Bb7 20. Kf1 h6 21. Bf3 {1-0 (51) Carlsen,M (2835)-Mamedyarov,S (2817) Wijk aan Zee 2019}) 13. Nc4 Bd5 $146 ({Predecessor:} 13... O-O 14. Nd6 Bxd6 15. Rxd6 b5 16. Ne1 Rc7 17. Rad1 h6 18. f3 Rfc8 19. e4 Kf8 20. g4 {½-½ (65) Khajrutdinov,I (2097)-Podgornova,A (1817) St Petersburg 2018}) 14. Ncd2 Nb8 15. Rac1 {[#] aiming for b4!} O-O 16. Bd4 Bxd4 17. Nxd4 Rfd8 18. Nc4 (18. Rxc8 {is more complex.} Rxc8 19. f3 Rd8 20. Nc2 b5 21. Ne4) 18... Nbd7 19. Nd6 Rxc1 20. Rxc1 Kf8 21. Rc7 b5 22. f3 e5 23. Nc6 Bxc6 $1 24. Rxc6 Nb8 25. Rc8 Rxc8 26. Nxc8 $11 {[%mdl 4096] Endgame KBN-KNN} Nd5 27. Kf2 $1 Nc3 28. a3 $1 Nb1 29. a4 bxa4 30. bxa4 Nc3 31. a5 Nxe2 32. Kxe2 {KN-KN} Nc6 33. Nb6 Ke7 34. Nc4 Ke6 35. e4 $1 Kd7 36. Ke3 f6 37. g3 Nd8 38. f4 exf4+ 39. gxf4 Kc6 40. e5 fxe5 41. fxe5 Kd5 42. Nb6+ Kxe5 43. Nd7+ $1 Kf5 44. Nc5 Kg4 ({Black should play} 44... Nc6 $15 45. Nxa6 Nxa5) 45. Nxa6 {Nb4 is the strong threat.The position is equal.} Nc6 46. Nc7 Nxa5 47. Ne8 Nc4+ 48. Kf2 g6 {And now ...Kh3 would win.} 49. Nf6+ Kh3 {[#] Threatens to win with ...h6.} 50. Nxh7 Kxh2 51. Ng5 Ne5 52. Ne6 {Accuracy: White = 58%, Black = 84%.} 1/2-1/2

[Event "10th IM Marmaris Karia 2019"]
[Site "Marmaris"]
[Date "2019.10.23"]
[Round "9.4"]
[White "Gunduz, Umut Erdem"]
[Black "Sevdimaliyev, Urfan"]
[Result "1/2-1/2"]
[WhiteElo "2165"]
[BlackElo "2361"]
[Annotator "TA"]
[PlyCount "35"]
[EventDate "2019.10.19"]
[EventType "schev"]
[EventCountry "TUR"]
[SourceTitle "playchess.com"]
[Source "ChessBase"]
[SourceQuality "1"]

{[%evp 34,35,45,0]} 1. e4 c5 2. Nf3 d6 3. d4 cxd4 4. Nxd4 Nf6 5. f3 g6 6. c4 Bg7 7. Nc3 O-O 8. Be3 Nc6 9. Qd2 Bd7 10. Be2 Nxd4 11. Bxd4 a5 12. O-O Bc6 13. Rfd1 Nd7 14. Be3 {[#]} Nf6 $146 ({Predecessor:} 14... Nc5 15. b3 Qb6 16. Rab1 Qb4 17. Rdc1 a4 18. Bd1 axb3 19. axb3 Rfc8 20. Kf1 Be5 21. g3 e6 22. Nb5 Qxd2 23. Bxd2 {½-½ (51) Miroshnichenko,E (2646)-Evdokimov,A (2530) Dresden 2007}) 15. Bd4 Nd7 16. Be3 Nf6 17. Bd4 Nd7 18. Be3 1/2-1/2

[Event "10th IM Marmaris Karia 2019"]
[Site "Marmaris"]
[Date "2019.10.23"]
[Round "9.5"]
[White "Angun, Batu"]
[Black "Guseynov, Alihan"]
[Result "1/2-1/2"]
[WhiteElo "2165"]
[BlackElo "2335"]
[Annotator "TA"]
[PlyCount "69"]
[EventDate "2019.10.19"]
[EventType "schev"]
[EventCountry "TUR"]
[SourceTitle "playchess.com"]
[Source "ChessBase"]
[SourceQuality "1"]

{[%evp 21,69,-18,-22,-23,-20,-46,-25,-53,-31,-55,-35,-33,-29,-70,-39,-51,-43,-50,-52,-80,-77,-81,-81,-77,-79,-77,-77,-81,-69,-129,-109,-103,-97,-118,-114,-121,-117,-186,-145,-160,-147,-172,-164,-164,-164,-182,0,-145,0,-182]} 1. d4 d5 2. c4 c6 3. Nf3 Nf6 4. Nc3 e6 5. e3 Nbd7 6. Qc2 Bd6 7. Bd3 O-O 8. O-O dxc4 9. Bxc4 e5 10. dxe5 Nxe5 11. Nxe5 Bxe5 12. f4 {D46: Semi-Slav: 5 e3 Nbd7 6 Bd3, Black avoids the Meran} (12. h3 Qe7 13. Bd2 Be6 14. Bd3 Rad8 15. Rfd1 Rfe8 16. Ne2 h6 17. Nf4 Bxf4 18. exf4 Nd5 19. a3 Qf6 20. f5 {0-1 (120) Girya,O (2487)-Goryachkina,A (2474) Chita 2015}) 12... Bc7 13. Kh1 Bb6 14. Bd3 {Black has an edge.} Re8 15. Ne4 $146 ({Predecessor:} 15. Rf3 Bg4 16. Rg3 Qd7 17. h3 Bh5 18. e4 Rad8 19. b3 Qd4 {0-1 (32) Odde,E-David,E (2150) Norway 2002}) 15... Nxe4 16. Bxe4 h6 17. b3 Qe7 18. Bd3 Qc5 ({Of course not} 18... Bxe3 $6 19. Re1 $14) 19. Qxc5 Bxc5 20. e4 Bg4 21. Bc2 Rad8 22. f5 Be2 23. Re1 Bd3 24. Bxd3 Rxd3 25. Bb2 (25. Bf4 $15) 25... Bd4 $36 {[%mdl 2048] Black is in control.} 26. Bxd4 Rxd4 $17 {[%mdl 4096] Endgame KRR-KRR} 27. e5 Rd5 28. e6 Rxf5 29. g4 (29. exf7+ $17 Kxf7 30. Rxe8 Kxe8 31. Kg1) 29... Rf6 30. exf7+ Kxf7 31. Kg2 Rxe1 32. Rxe1 Re6 33. Rf1+ Rf6 34. Re1 $1 Re6 (34... Rd6 $17 {Threatens to win with ...Rd2+.} 35. Rf1+ Ke7) 35. Ra1 $2 {Accuracy: White = 43%, Black = 70%.} (35. Rf1+ $1 $11 Ke7 36. Rf2) 1/2-1/2

[Event "10th IM Marmaris Karia 2019"]
[Site "Marmaris"]
[Date "2019.10.23"]
[Round "10.2"]
[White "Rasulov, Vugar"]
[Black "Sahin, Ozgun"]
[Result "1/2-1/2"]
[WhiteElo "2506"]
[BlackElo "2224"]
[Annotator "TA"]
[PlyCount "168"]
[EventDate "2019.10.19"]
[EventType "schev"]
[EventCountry "TUR"]
[SourceTitle "playchess.com"]
[Source "ChessBase"]
[SourceQuality "1"]

{[%evp 16,168,0,0,1,0,0,-10,0,0,0,0,6,6,8,0,19,18,18,9,18,10,12,8,14,12,10,7,12,14,11,0,0,-4,0,0,0,0,0,0,0,0,0,0,0,0,20,20,11,0,32,32,32,32,32,32,32,32,32,32,32,32,32,32,32,32,32,32,32,32,32,32,32,32,32,32,32,32,32,32,32,32,32,0,0,0,0,0,0,0,0,0,0,0,0,0,0,0,0,0,0,0,0,0,25,23,60,7,8,0,0,0,0,0,0,0,0,0,0,0,0,0,0,0,0,0,0,0,0,0,0,0,0,0,0,0,0,0,0,0,0,0,0,0,0,0,0,0,0,0,0,0,0,0,0]} 1. e4 c5 2. Nf3 Nc6 3. d4 cxd4 4. Nxd4 g6 5. Nc3 Bg7 6. Nb3 Nf6 7. g3 O-O 8. Bg2 d6 9. O-O Be6 {B70: Sicilian Dragon: 6 g3 and 6 Be2 (without a later Be3)} 10. h3 Rc8 11. Re1 Ne5 $146 ({Predecessor:} 11... Nd7 12. Nd5 b5 13. Qe2 b4 14. Qb5 a5 15. Rd1 Na7 16. Qe2 Nc6 {0-1 (39) Petrosian,T (2592)-Harika,D (2421) Moscow 2007}) 12. Nd4 Bd7 13. Nd5 e6 14. Nxf6+ Qxf6 15. c3 Rfd8 16. Qe2 a6 17. a4 h6 18. Rd1 Be8 19. a5 Qe7 20. f4 Nd7 21. Nb3 Nc5 22. Nxc5 dxc5 23. e5 Bc6 24. Be3 Bf8 25. c4 Qc7 26. Bxc6 Qxc6 27. Bd2 Rd7 28. Bc3 Rcd8 29. Rxd7 Qxd7 30. Qe4 Qd3 31. Qxd3 Rxd3 $11 {[%mdl 4096] Endgame KRB-KRB} 32. Kg2 h5 33. Ra3 Be7 34. Rb3 Rd7 35. g4 hxg4 36. hxg4 Kf8 37. Kf3 Ke8 38. Ke2 Kd8 39. Bd2 Kc7 40. Rh3 Kc6 41. Rh8 Bd8 42. Rf8 Bc7 43. Bc3 Bd8 44. Kf3 Kc7 45. Ke4 Kc6 46. f5 gxf5+ 47. gxf5 exf5+ 48. Kxf5 Kc7 49. Rh8 Rd1 50. Rh7 Rf1+ 51. Ke4 Kc6 $1 52. Bd2 Kd7 53. Rh6 Bc7 54. Bc3 Rd1 55. Rf6 Ke7 56. Rh6 Kd7 57. Ke3 Ke7 58. Rh8 Rd8 59. Rh1 Rd7 60. Ke4 Rd8 61. b3 ({White should try} 61. Rf1 $14) 61... Rg8 {The position is equal.} 62. Rh3 Ke6 63. Rh6+ Rg6 64. Rh4 Rg3 65. Rh6+ Rg6 66. Rh8 Rg3 67. Bd2 Rxb3 68. Bg5 {White wants to play Re8+.} Rg3 69. Re8+ Kd7 70. Re7+ Kc6 $1 71. Bf6 Rg4+ 72. Kf5 Rxc4 {aiming for ...Rc1.} 73. Rxf7 Rc1 (73... Bxa5 $6 74. e6 $16) 74. e6 {Hoping for e7.} Rf1+ ({Don't play} 74... Bxa5 $6 75. e7 $16) 75. Kg6 {Threatens to win with e7.} Bd6 ({Reject} 75... Bxa5 $6 76. e7 $16) 76. Rh7 Re1 77. Kf7 Kb5 78. Rh8 c4 79. Rd8 Bb4 80. Rd7 Kxa5 {[#] ...b5 is the strong threat.} 81. Rxb7 c3 {White must now prevent ...c2.} 82. Rc7 Kb5 83. e7 Bxe7 84. Bxe7 Rxe7+ {Accuracy: White = 83%, Black = 77%.} 1/2-1/2

[Event "10th IM Marmaris Karia 2019"]
[Site "Marmaris"]
[Date "2019.10.23"]
[Round "10.4"]
[White "Guseynov, Alihan"]
[Black "Gunduz, Umut Erdem"]
[Result "1-0"]
[WhiteElo "2335"]
[BlackElo "2165"]
[Annotator "TA"]
[PlyCount "99"]
[EventDate "2019.10.19"]
[EventType "schev"]
[EventCountry "TUR"]
[SourceTitle "playchess.com"]
[Source "ChessBase"]
[SourceQuality "1"]

{[%evp 10,98,20,28,70,72,100,99,135,102,111,57,99,95,96,69,96,90,114,96,106,51,65,77,101,97,89,98,93,70,82,62,63,53,68,42,72,70,75,52,54,46,71,66,68,67,65,72,68,62,150,145,228,216,215,199,240,249,307,317,303,304,305,287,350,305,289,0,296,311,318,258,329,316,376,362,438,429,494,499,537,547,530,541,968,854,1102,968,29998,29999,29999]} 1. d4 Nf6 2. Nf3 c5 3. d5 e6 4. Nc3 exd5 5. Nxd5 Nxd5 6. Qxd5 d6 {A43: Schmid Benoni} (6... Nc6 7. Ng5 Qe7 8. c3 d6 9. Bf4 Be6 10. Qd2 d5 11. e3 h6 12. Nxe6 Qxe6 13. O-O-O O-O-O 14. Bd3 Bd6 {1-0 (53) Kramnik,V (2809)-Hou,Y (2651) Medias 2016}) 7. Ng5 {[%csl Gg5][%cal Rd5f7]} Qc7 8. Bf4 Nc6 {White is better.} 9. e3 {Hoping for Bc4.} h6 10. Ne4 (10. Qe4+ $1 $16 Kd8 11. Nf3) 10... Be6 11. Qxc5 $1 {[%mdl 64] Pin} (11. Nxd6+ $6 Bxd6 12. Qxd6 Qb6 $11) 11... O-O-O $146 ({Predecessor:} 11... dxc5 12. Bxc7 f5 13. Nc3 Rc8 14. Bg3 {1-0 (34) Stryhn,H-Damm,R Denmark 1985}) 12. Qb5 a6 13. Qa4 Qb6 14. O-O-O {[%cal Re4d6]} d5 {[#]} 15. Nc3 ({Better is} 15. Nd2 $1 $16) 15... g5 16. Bg3 Bg7 17. Qb3 Qxb3 18. axb3 b5 19. Be2 f5 20. f3 d4 21. exd4 Bxd4 22. Rhf1 Kb7 23. Bf2 Be5 24. Bg1 Rhe8 25. Rxd8 Nxd8 26. Rd1 Nc6 27. Bf1 h5 28. Ne2 Rc8 29. Kb1 b4 ({Black should play} 29... Nb4 $14) 30. Nc1 $16 f4 (30... Rd8 $16 31. Rxd8 Nxd8) 31. Nd3 $18 {Threatens to win with Nc5+.} Bd6 {[#]} 32. Bc5 $1 {[%cal Rc5d6]} Bb8 33. Bxb4 a5 34. Nc5+ Kb6 35. Nxe6 axb4 36. Nxg5 Be5 37. Nf7 Bc7 38. Ng5 $2 ({White should try} 38. Rd5 $18) 38... Re8 $2 {[%mdl 8192]} (38... Be5 $1 $11 {and Black is okay.} 39. Rd5 Rg8) 39. Bc4 Ne5 40. Ne6 Bb8 41. Bd5 ({Don't take} 41. Nxf4 Nxc4 42. Nd5+ (42. bxc4 Bxf4 43. g3 Bc7 $11) (42. Nxh5 Rh8 $16) 42... Kc5) 41... Ng6 42. Rd4 Ka5 43. Rc4 {Strongly threatening Rc5+.} Ne5 44. Rxf4 Nd7 45. Rf5 Kb6 46. Rxh5 Rg8 47. Rh6 Ka5 {[#]} 48. Nc5 $1 Rg7 (48... Nxc5 49. Bxg8) 49. Nb7+ Kb5 50. Bc4# {Accuracy: White = 62%, Black = 42%.} 1-0